Pays d'origine des étudiants en mobilité en France - Statistiques

Statistiques générales
  • Ce quiz a été pris 460 fois
  • Le résultat moyen est 14 sur 24
Statistiques - réponses
Etudiants Pays % Correct
4 210 Espagne
93%
2 455 Etats-Unis
90%
23 727 Algérie
89%
21 649 Maroc
89%
7 952 Italie
88%
11 150 Chine
86%
4 475 Allemagne
85%
8 210 Tunisie
80%
11 325 Sénégal
72%
2 562 Brésil
67%
4 125 Congo
65%
2 574 Turquie
62%
5 457 Côte d'Ivoire
54%
3 686 Cameroun
52%
2 761 Grèce
48%
2 418 Ukraine
45%
6 982 Liban
37%
2 396 Guinée
35%
4 622 Bénin
34%
3 655 Togo
34%
3 435 Viêt Nam
33%
2 905 Gabon
31%
3 191 Madagascar
24%
2 277 Haïti
13%
Aucun quiz correspondant
Distribution des résultats
% des personnes avec chaque résultat
Percentile par nombre de réponses
Votre historique - résultats
Vous n’avez pas pris ce quiz